| 000 | 00977nam a2200313 c 4500 | ||
|---|---|---|---|
| 003 | EG-GICUC | ||
| 005 | 20260422171152.0 | ||
| 008 | 260422s19751976fr d|||frg||| 000 0 fre d | ||
| 040 |
_aEG-GiCUC _bfre _cEG-GiCUC _dEG-GiCUC _eRda |
||
| 041 | 0 | _afre | |
| 082 | 0 | 4 |
_221 _a343.302 _bCO |
| 092 | 0 | 4 | _221 |
| 099 | _aLaw1 10 343.302 CO 1976 | ||
| 245 | 0 | 0 | _aCode De procédure pénale. |
| 250 | _aDix-septième édition | ||
| 264 | 1 |
_a Paris : _bJurisprudence Générale Dalloz, _c1976. |
|
| 300 |
_a820 page, pages non numérotées : _btableaux ; _c15cm. |
||
| 336 |
_2rda contenu _a texte |
||
| 337 |
_2rda medias _aOrdinateur |
||
| 338 |
_2 transporteur rda _a Ressource en ligne |
||
| 490 | 0 | _3Petits Codes Dalloz | |
| 504 | _aBibliography: pages 200-250. 240-220 | ||
| 546 | _aTexte en français | ||
| 650 | 1 | 4 |
_aDroit pénal _2qrmak |
| 651 | 1 | _2qrmak | |
| 856 | 4 | 0 | _uhttps://fll.law.cu.edu.eg/fulltext/bks/B10-11031.pdf |
| 905 | _a62 | ||
| 942 |
_2ddc _cBK _e21 _n0 |
||
| 999 |
_c72845 _d72845 |
||